|
|
|
|
| LEADER |
01698cam a2200505 i 4500 |
| 001 |
nkc20102154131 |
| 003 |
CZ PrNK |
| 005 |
20170511131021.0 |
| 007 |
ta |
| 008 |
101109s2010 xr cf e 000 0bcze d |
| 015 |
|
|
|a cnb002154131
|
| 020 |
|
|
|a 978-80-904662-1-0
|q (vázáno)
|
| 035 |
|
|
|a (OCoLC)987027739
|
| 040 |
|
|
|a KLG001
|b cze
|d BOA001
|d ABA001
|e rda
|
| 043 |
|
|
|a e-xr---
|
| 045 |
|
|
|a x3y0
|
| 072 |
|
7 |
|a 791/793
|x Divadlo, film, tanec (obecně)
|2 Konspekt
|9 3
|
| 072 |
|
7 |
|a 929
|x Biografie
|2 Konspekt
|9 8
|
| 080 |
|
|
|a 791/792.071.2
|2 MRF
|
| 080 |
|
|
|a 929
|2 MRF
|
| 080 |
|
|
|a (437.3)
|2 MRF
|
| 080 |
|
|
|a (092)
|2 MRF
|
| 100 |
1 |
|
|a Čermáková, Dana,
|d 1960-
|7 xx0081079
|4 aut
|
| 245 |
1 |
0 |
|a Jiří Kodet /
|c Dana Čermáková
|
| 250 |
|
|
|a První vydání
|
| 264 |
|
1 |
|a [Praha] :
|b Imagination of People,
|c 2010
|
| 300 |
|
|
|a 191 stran, xxxi stran obrazových příloh :
|b portréty (některé barevné) ;
|c 25 cm
|
| 336 |
|
|
|a text
|b txt
|2 rdacontent
|
| 337 |
|
|
|a bez média
|b n
|2 rdamedia
|
| 338 |
|
|
|a svazek
|b nc
|2 rdacarrier
|
| 490 |
1 |
|
|a Portréty
|
| 504 |
|
|
|a Obsahuje bibliografii
|
| 600 |
1 |
7 |
|a Kodet, Jiří,
|d 1937-2005
|7 jn20000401377
|2 czenas
|
| 648 |
|
4 |
|a 1937-2005
|
| 648 |
|
7 |
|a 20.-21. století
|7 ch462155
|2 czenas
|
| 650 |
0 |
7 |
|a herci
|7 ph117199
|z Česko
|y 20.-21. století
|2 czenas
|
| 650 |
0 |
9 |
|a actors
|z Czechia
|y 20th-21st centuries
|2 eczenas
|
| 655 |
|
7 |
|a biografie
|7 fd131909
|2 czenas
|
| 655 |
|
9 |
|a biography
|2 eczenas
|
| 830 |
|
0 |
|a Portréty (Imagination of People)
|0 s
|
| 910 |
2 |
|
|a BOA001
|b 2-1361.101
|
| 990 |
|
|
|a BK
|
| 995 |
|
|
|a 01
|
| 991 |
|
|
|b 201602
|c NOV
|
| 996 |
6 |
|
|b 2610656526
|c 2-1361.101
|l MZK
|r Sklad / do 1 hodiny
|n 1
|p p.v.
|w 001540271
|u 000010
|a 1
|e BOA001
|j MZK50
|s P
|